| 000 | 00662nam a22001937a 4500 | ||
|---|---|---|---|
| 999 |
_c173209 _d173209 |
||
| 005 | 20200220120052.0 | ||
| 010 | _aENG-127906 | ||
| 020 |
_c250.00 _a9780199486700 |
||
| 035 | _aEN-111438 | ||
| 037 | _bDBAD/PUB | ||
| 082 | _a232 | ||
| 100 | _aSanyal, Hitesranjan. | ||
| 245 |
_aTrends of change in the bhakti movement in Bengal / _cHitesranjan Sanyal ; introduction by Gautam Bhadra. |
||
| 260 |
_aNew Delhi _c2019 _bOxford University Press |
||
| 270 |
_a2/11 Ground Floor,Ansari Road,Dariyaganj _e110002 _bNew Delhi |
||
| 300 |
_a89p. _b18 cm(hb) |
||
| 500 | _aincludes bibliographical references and index | ||
| 942 |
_2ddc _cEN _h232 _mSAN |
||